Conservación y biodiversidad de los ecosistemas vegetales de las zonas húmedas salinas de la provincia de Albacete / (Record no. 15375)

MARC details
000 -LEADER
campo de control de longitud fija 00959nam a2200265 i 4500
001 - NÚMERO DE CONTROL
campo de control 15375
003 - IDENTIFICADOR DE NÚMERO DE CONTROL
campo de control ES-MaACL
005 - FECHA Y HORA DE LA ÚLTIMA TRANSACCIÓN
campo de control 20230906151045.0
007 - CAMPO FIJO DE DESCRIPCIÓN FÍSICA--INFORMACIÓN GENERAL
campo de control de longitud fija t|
008 - DATOS DE LONGITUD FIJA--INFORMACIÓN GENERAL
campo de control de longitud fija 000218s1999 sp ||||1| spa d
020 ## - NÚMERO INTERNACIONAL ESTÁNDAR DEL LIBRO
Número Internacional Estándar del Libro 84-95394-00-6
080 ## - NÚMERO DE LA CLASIFICACIÓN DECIMAL UNIVERSAL
Número de la Clasificación Decimal Universal 574(460.288)
080 ## - NÚMERO DE LA CLASIFICACIÓN DECIMAL UNIVERSAL
Número de la Clasificación Decimal Universal 581.9(460.288)
100 1# - ENTRADA PRINCIPAL--NOMBRE DE PERSONA
Nombre de persona Alonso Vargas, Mª Angeles.
9 (RLIN) 20418
245 10 - MENCIÓN DEL TÍTULO
Título Conservación y biodiversidad de los ecosistemas vegetales de las zonas húmedas salinas de la provincia de Albacete /
Mención de responsabilidad, etc. Mª Angeles Alonso Vargas.
260 ## - PUBLICACIÓN, DISTRIBUCIÓN, ETC.
Lugar de publicación, distribución, etc. Albacete :
Nombre del editor, distribuidor, etc. Instituto de Estudios Albacetenses "Don Juan Manuel",
Fecha de publicación, distribución, etc. 1999.
300 ## - DESCRIPCIÓN FÍSICA
Extensión 157 p. :
Otras características físicas il. ;
Dimensiones 22 cm.
490 1# - MENCIÓN DE SERIE
Mención de serie Serie I--Estudios ;
Designación de volumen o secuencia 113
650 14 - PUNTO DE ACCESO ADICIONAL DE MATERIA--TÉRMINO DE MATERIA
Término de materia o nombre geográfico como elemento de entrada Ecosistemas-
Subdivisión geográfica Albacete (Provincia)
9 (RLIN) 12043
650 14 - PUNTO DE ACCESO ADICIONAL DE MATERIA--TÉRMINO DE MATERIA
Término de materia o nombre geográfico como elemento de entrada Flora-
Subdivisión geográfica Albacete (Provincia)
9 (RLIN) 12899
710 2# - ENTRADA AGREGADA--NOMBRE DE ENTIDAD CORPORATIVA
Nombre de entidad corporativa o nombre de jurisdicción como elemento de entrada Instituto de Estudios Albacetenses.
9 (RLIN) 4884
830 0# - PUNTO DE ACCESO ADICIONAL DE SERIE-TÍTULO UNIFORME
Título uniforme Serie I--Estudios ;
Designación de volumen o secuencia 113
9 (RLIN) 179228
852 ## - LOCALIZACIÓN
Ubicación ES-MaACL
Número de control de estantería L-22505
Sublocalización o colección R.127921
Holdings
Estatus retirado Estado de pérdida Estado de daño No para préstamo Biblioteca de origen Biblioteca actual Ubicación en estantería Fecha de adquisición Fuente de adquisición Total de préstamos Signatura topográfica completa Código de barras Visto por última vez Precio de reemplazo Tipo de ítem Koha
        Biblioteca del Ateneo de Madrid Biblioteca del Ateneo de Madrid Depósito 2 17/01/2008     L-22505 1015632 23/02/2023 23/02/2023 Libro impreso